Plum lovin' #2 [CD/sound recording] / Janet ... Read More
Available copies
- 2 of 2 copies available at LARL/NWRL Consortium.
Current holds
0 current holds with 2 total copies.
View other formats and editions
Show Only Available Copies
| Location | Call Number / Copy Notes | Barcode | Shelving Location | Status | Due Date |
|---|---|---|---|---|---|
| Greenbush Public Library | BOOK-ON-CD EVA (Text) | 35500004073050 | Main | Available | - |
| Thief River Falls Public Library | BOOK-ON-CD EVA (Text) | 35500003957642 | Main | Available | - |
Record details
- ISBN: 142720053X
- ISBN: 9781427200532
- Physical Description: 3 sound discs (3 hr. 15 min.) : digital ; 4 3/4 ... Read More
- Publisher: New York : Audio Renaissance, p2007.
Content descriptions
| General Note: | Compact discs. Unabridged. |
| Participant or Performer Note: | Read by Lorelei King. |
Search for related items by subject
| Subject: | Plum, Stephanie (Fictitious character) > Fiction. Women private investigators > New Jersey > Fiction. Trenton (N.J.) > Fiction. |
| Genre: | Compact discs. Audiobooks. |
Search for related items by series
| LDR | 01402nim a2200361Ia 4500 | ||
|---|---|---|---|
| 001 | 75827 | ||
| 003 | LARL_NWRL_CONSORTIUM | ||
| 005 | 20220607223825.0 | ||
| 008 | 070103s2007 nyu n z eng d | ||
| 020 | . | ‡a142720053X | |
| 020 | . | ‡a9781427200532 | |
| 035 | . | ‡a(OCoLC)77522916 | |
| 100 | 1 | . | ‡aEvanovich, Janet. ‡0(LARL_NWRL_CONSORTIUM)113290 |
| 245 | 1 | 0. | ‡aPlum lovin' ‡n#2 ‡h[CD/sound recording] / ‡cJanet Evanovich. |
| 260 | . | ‡aNew York : ‡bAudio Renaissance, ‡cp2007. | |
| 300 | . | ‡a3 sound discs (3 hr. 15 min.) : ‡bdigital ; ‡c4 3/4 in. | |
| 490 | 0 | . | ‡aStephanie Plum Between-the-Numbers ; ‡v2 |
| 500 | . | ‡aCompact discs. | |
| 511 | 0 | . | ‡aRead by Lorelei King. |
| 500 | . | ‡aUnabridged. | |
| 650 | 0. | ‡aPlum, Stephanie (Fictitious character) ‡vFiction. ‡0(LARL_NWRL_CONSORTIUM)174150 | |
| 650 | 0. | ‡aWomen private investigators ‡zNew Jersey ‡vFiction. | |
| 655 | 0. | ‡aCompact discs. | |
| 651 | 0. | ‡aTrenton (N.J.) ‡vFiction. | |
| 655 | 0. | ‡aAudiobooks. ‡0(LARL_NWRL_CONSORTIUM)175801 | |
| 700 | 1 | . | ‡aKing, Lorelei. ‡0(LARL_NWRL_CONSORTIUM)141747 |
| 901 | . | ‡a75827 ‡bOCLC ‡c75827 ‡tbiblio | |

Add to basket
Permalink
Disable Highlighting